| 000 | 00000nam##2200000za#4500 |
| 001 | 9.690562 |
| 003 | CaOODSP |
| 005 | 20210624232400 |
| 007 | cr ||||||||||| |
| 008 | 150407|2007||||xxc|||||o f|0| 0 eng|d |
| 040 | |aCaOODSP|beng |
| 043 | |an-cn--- |
| 086 | 1 |aHS4-33/2007E-PDF |
| 110 | 1 |aCanada. |bHuman Resources and Social Development Canada. |
| 245 | 10|aJob descriptions - an employer's handbook : |h[electronic resource]|bhow to write them, how to use them |
| 246 | 13|aNational Occupational Classification |
| 260 | |aOttawa - Ontario : |bHuman Resources and Social Development Canada |c©2007. |
| 300 | |a26p.|bcoloured illus., tables |
| 500 | |aThe catalogue number (HS4-33/2007) and ISBN (978-0-662-49992-3) for the bilingual print edition have been incorrectly copied in this PDF edition. |
| 520 | 3 |aBased on the National Occupational Classification (NOC), this handbook can help users to develop job descriptions to hire employees, evaluate employee performance and identify training needs. |
| 590 | |a08-01|b2008-01-04 |
| 690 | 07|aEmployers|2gcpds |
| 690 | 07|aJob classification|2gcpds |
| 690 | 07|aJob description|2gcpds |
| 775 | 08|tDescriptions de travail - manuel à l'usage des employeurs : |w(CaOODSP)9.634916 |
| 776 | 0#|tJob descriptions - an employer's handbook : |w(CaOODSP)9.668601 |
| 776 | 0#|tDescriptions de travail - manuel à l'usage des employeurs : |w(CaOODSP)9.668602 |
| 856 | 40|ahttp://publications.gc.ca|qPDF|s611 KB|uhttps://publications.gc.ca/collections/collection_2008/hrsdc-rhdsc/HS4-33-2007E.pdf |
| 986 | |aWP-019-03-07E |